Autonomic Software Product Line Engineering and Reusability in the context of Smart Learning Environment/ (Record no. 593320)

000 -LEADER
fixed length control field 00550nam a22001577a 4500
003 - CONTROL NUMBER IDENTIFIER
control field NUST
082 ## - DEWEY DECIMAL CLASSIFICATION NUMBER
Classification number 200
100 ## - MAIN ENTRY--PERSONAL NAME
Personal name Sundas, Mhwish
245 ## - TITLE STATEMENT
Title Autonomic Software Product Line Engineering and Reusability in the context of Smart Learning Environment/
Statement of responsibility, etc. Mhwish Sundas,
264 ## - PRODUCTION, PUBLICATION, DISTRIBUTION, MANUFACTURE, AND COPYRIGHT NOTICE
Place of production, publication, distribution, manufacture Islamabad :
Name of producer, publisher, distributor, manufacturer SEECS, NUST,
Date of production, publication, distribution, manufacture, or copyright notice 2023.
300 ## - PHYSICAL DESCRIPTION
Extent 116 p. ;
Dimensions 30 cm.
650 ## - SUBJECT ADDED ENTRY--TOPICAL TERM
Topical term or geographic name entry element MS-Information Technology
700 ## - ADDED ENTRY--PERSONAL NAME
Personal name Supervisor: Dr. Arham Muslim
856 ## - ELECTRONIC LOCATION AND ACCESS
Uniform Resource Identifier <a href="http://10.250.8.41:8080/xmlui/handle/123456789/32275">http://10.250.8.41:8080/xmlui/handle/123456789/32275</a>
942 ## - ADDED ENTRY ELEMENTS (KOHA)
Source of classification or shelving scheme
Koha item type Soft Copy
Holdings
Withdrawn status Permanent Location Current Location Shelving location Date acquired Full call number Barcode Koha item type
  Central Library (CL) Central Library (CL) Thesis 02/16/2023 200 CL-T-6706 Soft Copy
© 2023 Central Library, National University of Sciences and Technology. All Rights Reserved.